000 00352nam a22001457a 4500
003 macl
005 20180407165816.0
008 180407b xxu||||| |||| 00| 0 eng d
040 _cmacl
100 _aNeelam Kumari
_971804
245 _aCleaning The Ganges
260 _aAllahbad
_bAprajita pub.
_c2014
650 _aEnvirement
_971805
942 _2ddc
_cBK
999 _c57554
_d57554